000 01547cam a2200133 4500500
005 20251214002204.0
041 _afre
042 _adc
100 1 0 _aMarin, Claire
_eauthor
245 0 0 _aL'homme sans fièvre
260 _bArmand Colin,
_c2013.
520 _aSommes-nous tous malades ? La médecine, ses approches de l’humain, son vocabulaire ont pénétré dans notre univers quotidien. Une telle médicalisation de notre existence n’est pas sans effet. Les problèmes du corps et de l’âme se voient systématiquement redéfinis en pathologies et les différentes phases de la vie accompagnées de l’aide technique médicale. Celle-ci esquisse la figure d’un homme amélioré par les biotechnologies, débarrassé des aléas des passions, maîtrisant ses colères et ses pulsions : un homme sans fièvre. Ainsi paradoxalement, à mesure que la médecine identifie toujours plus de maladies, les hommes rêvent de parfaite guérison et en font à la fois une exigence personnelle et un idéal social. Guérir la société de ses blessures, nous défaire de notre vulnérabilité ; telle est la manière dont est interprétée trop rapidement l’idée d’une société du soin proposée par de nouvelles philosophies. Pourtant, soigner n’est pas un geste anodin, guérir ne se fait pas sans souffrance et généraliser le modèle médical, c’est aussi prendre le risque de banaliser sa violence spécifique.
856 4 1 _uhttps://stm.cairn.info/l-homme-sans-fievre--9782200257682?lang=fr&redirect-ssocas=7080
999 _c1566781
_d1566781